000 00265nam a22001217a 4500
008 181019b xxu||||| |||| 00| 0 eng d
041 _aeng
080 _a617
100 _a6
101 _aSHK
245 _aFractures and Joint Injuries
_cJones, W
942 _2udc
_cBK
999 _c50299
_d50299